<?xml version="1.0" encoding="UTF-8"?>
<record
    xmlns:xsi="http://www.w3.org/2001/XMLSchema-instance"
    xsi:schemaLocation="http://www.loc.gov/MARC21/slim http://www.loc.gov/standards/marcxml/schema/MARC21slim.xsd"
    xmlns="http://www.loc.gov/MARC21/slim">

  <leader>01769nas a2200289 454500</leader>
  <controlfield tag="001">18940</controlfield>
  <controlfield tag="005">20260407193505.0</controlfield>
  <controlfield tag="008">260407s2006####ag###########|||spa#d</controlfield>
  <controlfield tag="003">AR-UNSa-BCEJYS</controlfield>
  <datafield tag="040" ind1=" " ind2=" ">
    <subfield code="a">AR-UNSa-BCEJYS</subfield>
    <subfield code="b">spa</subfield>
    <subfield code="c">AR-UNSa-BCEJYS</subfield>
  </datafield>
  <datafield tag="080" ind1=" " ind2=" ">
    <subfield code="a">339.9</subfield>
    <subfield code="x">Econom&#xED;a internacional en general. Relaciones econ&#xF3;micas internacionales. Econom&#xED;a mundial </subfield>
  </datafield>
  <datafield tag="245" ind1="1" ind2="0">
    <subfield code="a">Latitud Sur</subfield>
    <subfield code="p">Revista del Centro de investigaciones en estudios latinoamericanos para el desarrollo y la integraci&#xF3;n</subfield>
  </datafield>
  <datafield tag="022" ind1=" " ind2=" ">
    <subfield code="a">1850-3659</subfield>
  </datafield>
  <datafield tag="264" ind1=" " ind2="1">
    <subfield code="a">Buenos Aires :</subfield>
    <subfield code="b">CEINLADI</subfield>
    <subfield code="c">2006</subfield>
  </datafield>
  <datafield tag="310" ind1=" " ind2=" ">
    <subfield code="a">Frecuencia: Anual</subfield>
  </datafield>
  <datafield tag="505" ind1=" " ind2=" ">
    <subfield code="a">Latitud Sur es una Revista anual, cuyo primer n&#xFA;mero se lanz&#xF3; en el a&#xF1;o 2006. La misma es fruto del esfuerzo de las actividades de investigaci&#xF3;n que realiza el Centro de Investigaci&#xF3;n en Estudios Latinoamericanos para el Desarrollo y la Integraci&#xF3;n (CEINLADI), de la Facultad de Ciencias Econ&#xF3;micas de la Universidad de Buenos Aires. Se propone restituir los estudios econ&#xF3;micos, al campo de la sociedad, la pol&#xED;tica y la historia, evitando la naturalizaci&#xF3;n de los procesos sociales. Asimismo, pretende generar un espacio interdisciplinario y pluralista entre las distintas ramas del conocimiento. </subfield>
  </datafield>
  <datafield tag="041" ind1=" " ind2=" ">
    <subfield code="a">spa</subfield>
  </datafield>
  <datafield tag="942" ind1=" " ind2=" ">
    <subfield code="c">SER</subfield>
  </datafield>
  <datafield tag="590" ind1=" " ind2=" ">
    <subfield code="a">niveau_biblio:s niveau_hierar:1</subfield>
  </datafield>
  <datafield tag="100" ind1="1" ind2=" ">
    <subfield code="a">Monserrat Llair&#xF3;, Mar&#xED;a de</subfield>
  </datafield>
  <datafield tag="700" ind1="1" ind2=" ">
    <subfield code="a">Universidad de Buenos Aires. Facultad de Ciencias Econ&#xF3;micas. Centro de Investigaciones en Estudios Latinoamericanos para el Desarrollo y la Integraci&#xF3;n</subfield>
  </datafield>
  <datafield tag="650" ind1=" " ind2=" ">
    <subfield code="a">ADMINISTRACION PUBLICA</subfield>
  </datafield>
  <datafield tag="650" ind1=" " ind2=" ">
    <subfield code="a">Sociolog&#xED;a</subfield>
  </datafield>
  <datafield tag="650" ind1=" " ind2=" ">
    <subfield code="a">Ciencia pol&#xED;tica</subfield>
  </datafield>
  <datafield tag="650" ind1=" " ind2=" ">
    <subfield code="a">ECONOMIA INTERNACIONAL</subfield>
  </datafield>
  <datafield tag="856" ind1="4" ind2="1">
    <subfield code="u">https://biblioeco.unsa.edu.ar/pmb/images/revistas/Latitud Sur.jpg</subfield>
    <subfield code="y">Imagen de portada</subfield>
    <subfield code="q">image/jpeg</subfield>
  </datafield>
  <datafield tag="999" ind1=" " ind2=" ">
    <subfield code="c">8509</subfield>
    <subfield code="d">8509</subfield>
  </datafield>
  <datafield tag="952" ind1=" " ind2=" ">
    <subfield code="0">0</subfield>
    <subfield code="1">0</subfield>
    <subfield code="4">0</subfield>
    <subfield code="7">0</subfield>
    <subfield code="a">BCEJYS</subfield>
    <subfield code="b">BCEJYS</subfield>
    <subfield code="c">17</subfield>
    <subfield code="d">2008-11-01</subfield>
    <subfield code="h">N&#xBA; 3 - nov. 2008</subfield>
    <subfield code="l">0</subfield>
    <subfield code="o">H339.9 LAT 3</subfield>
    <subfield code="p">R08753</subfield>
    <subfield code="r">2026-04-10 16:07:51</subfield>
    <subfield code="w">2026-04-10</subfield>
    <subfield code="y">RN</subfield>
  </datafield>
  <datafield tag="952" ind1=" " ind2=" ">
    <subfield code="0">0</subfield>
    <subfield code="1">0</subfield>
    <subfield code="4">0</subfield>
    <subfield code="7">0</subfield>
    <subfield code="a">BCEJYS</subfield>
    <subfield code="b">BCEJYS</subfield>
    <subfield code="c">17</subfield>
    <subfield code="d">2008-11-01</subfield>
    <subfield code="h">N&#xBA; 3 - nov. 2008</subfield>
    <subfield code="l">0</subfield>
    <subfield code="o">H339.9 LAT 3 Ej.2</subfield>
    <subfield code="p">R08754</subfield>
    <subfield code="r">2026-04-10 16:07:51</subfield>
    <subfield code="w">2026-04-10</subfield>
    <subfield code="y">RN</subfield>
  </datafield>
  <datafield tag="952" ind1=" " ind2=" ">
    <subfield code="0">0</subfield>
    <subfield code="1">0</subfield>
    <subfield code="4">0</subfield>
    <subfield code="7">0</subfield>
    <subfield code="a">BCEJYS</subfield>
    <subfield code="b">BCEJYS</subfield>
    <subfield code="c">17</subfield>
    <subfield code="d">2007-11-01</subfield>
    <subfield code="h">N&#xBA; 2 - nov. 2007</subfield>
    <subfield code="l">0</subfield>
    <subfield code="o">H339.9 LAT 2</subfield>
    <subfield code="p">R08716</subfield>
    <subfield code="r">2026-04-10 16:07:51</subfield>
    <subfield code="w">2026-04-10</subfield>
    <subfield code="y">RN</subfield>
  </datafield>
  <datafield tag="952" ind1=" " ind2=" ">
    <subfield code="0">0</subfield>
    <subfield code="1">0</subfield>
    <subfield code="4">0</subfield>
    <subfield code="7">0</subfield>
    <subfield code="a">BCEJYS</subfield>
    <subfield code="b">BCEJYS</subfield>
    <subfield code="c">17</subfield>
    <subfield code="d">2007-11-01</subfield>
    <subfield code="h">N&#xBA; 2 - nov. 2007</subfield>
    <subfield code="l">0</subfield>
    <subfield code="o">H339.9 LAT 2 Ej.2</subfield>
    <subfield code="p">R08717</subfield>
    <subfield code="r">2026-04-10 16:07:51</subfield>
    <subfield code="w">2026-04-10</subfield>
    <subfield code="y">RN</subfield>
  </datafield>
  <datafield tag="952" ind1=" " ind2=" ">
    <subfield code="0">0</subfield>
    <subfield code="1">0</subfield>
    <subfield code="4">0</subfield>
    <subfield code="7">0</subfield>
    <subfield code="a">BCEJYS</subfield>
    <subfield code="b">BCEJYS</subfield>
    <subfield code="c">17</subfield>
    <subfield code="d">2006-10-01</subfield>
    <subfield code="h">N&#xBA; 1 - oct. 2006</subfield>
    <subfield code="l">0</subfield>
    <subfield code="o">H339.9 LAT 1</subfield>
    <subfield code="p">R08676</subfield>
    <subfield code="r">2026-04-10 16:07:51</subfield>
    <subfield code="w">2026-04-10</subfield>
    <subfield code="y">RN</subfield>
  </datafield>
  <datafield tag="952" ind1=" " ind2=" ">
    <subfield code="0">0</subfield>
    <subfield code="1">0</subfield>
    <subfield code="4">0</subfield>
    <subfield code="7">0</subfield>
    <subfield code="a">BCEJYS</subfield>
    <subfield code="b">BCEJYS</subfield>
    <subfield code="c">17</subfield>
    <subfield code="d">2006-10-01</subfield>
    <subfield code="h">N&#xBA; 1 - oct. 2006</subfield>
    <subfield code="l">0</subfield>
    <subfield code="o">H339.9 LAT 1 Ej.2</subfield>
    <subfield code="p">R08715</subfield>
    <subfield code="r">2026-04-10 16:07:51</subfield>
    <subfield code="w">2026-04-10</subfield>
    <subfield code="y">RN</subfield>
  </datafield>
</record>
